<?xml version="1.0" encoding="UTF-8"?>
<record
    xmlns:xsi="http://www.w3.org/2001/XMLSchema-instance"
    xsi:schemaLocation="http://www.loc.gov/MARC21/slim http://www.loc.gov/standards/marcxml/schema/MARC21slim.xsd"
    xmlns="http://www.loc.gov/MARC21/slim">

  <leader>00705caa a22001572a 4500</leader>
  <controlfield tag="001">  009027</controlfield>
  <controlfield tag="003">  AR-FADEU</controlfield>
  <controlfield tag="008">  311216n########xxu####################dd</controlfield>
  <datafield tag="092" ind1=" " ind2=" ">
    <subfield code="a">321.8</subfield>
    <subfield code="b">R425</subfield>
  </datafield>
  <datafield tag="100" ind1=" " ind2=" ">
    <subfield code="a">Garcia, Michel Rowland</subfield>
  </datafield>
  <datafield tag="245" ind1=" " ind2=" ">
    <subfield code="a">La crisis de representatividad del r&#xE9;gimen pol&#xED;tico ecuatoriano : una aproximaci&#xF3;n institucional</subfield>
  </datafield>
  <datafield tag="300" ind1=" " ind2=" ">
    <subfield code="a">PP. 247-314</subfield>
  </datafield>
  <datafield tag="500" ind1=" " ind2=" ">
    <subfield code="a">En: Representaci&#xF3;n pol&#xED;tica y democracia /comp. Carlota Jackisch. Buenos Aires : Ciedla. Centro Interdisciplinario de Estudios Sobre el Desarrollo Latinoamericano, 1998</subfield>
  </datafield>
  <datafield tag="942" ind1=" " ind2=" ">
    <subfield code="c">BDGR</subfield>
  </datafield>
  <datafield tag="773" ind1="0" ind2=" ">
    <subfield code="0">14818</subfield>
    <subfield code="9">13898</subfield>
    <subfield code="a"></subfield>
    <subfield code="b"></subfield>
    <subfield code="d">Buenos Aires</subfield>
    <subfield code="o">14264</subfield>
    <subfield code="t">REPRESENTACION pol&#xED;tica y democracia</subfield>
    <subfield code="w">(  AR-FADEU)  009018</subfield>
    <subfield code="x"></subfield>
    <subfield code="z">950-9431-72-9</subfield>
  </datafield>
  <datafield tag="999" ind1=" " ind2=" ">
    <subfield code="c">14827</subfield>
    <subfield code="d">14827</subfield>
  </datafield>
</record>
